| 000 | 01279nam a2200277Ia 4500 | ||
|---|---|---|---|
| 003 | OSt | ||
| 005 | 20221005105750.0 | ||
| 006 | a|||||r|||| 00| 0 | ||
| 007 | ta | ||
| 008 | 221004b |||||||| |||| 00| 0 hin d | ||
| 020 |
_a9788173092831 (hbk) _c70 |
||
| 024 | _a13234 | ||
| 037 |
_b1136, 20/03/2014, Anamika Publishers & Distributors Pvt. Ltd. _cTextual |
||
| 040 |
_aCRL _cCRL _bhin |
||
| 041 |
_2hin _ahin |
||
| 082 | _aQ41:22522, 152Q1 | ||
| 100 | _aकौसल्यायन, भदन्त आनन्द | ||
| 245 | 0 |
_aजातक कथाएं _b भगवान बुद्ध के पूर्व - जीवन की चुनी हुई कथाएं |
|
| 246 | _aJātak kathāean: bhagavān buddha ke pūrva - jīvan kī chunī huī kathāean | ||
| 260 |
_aनई दिल्ली _bसस्ता साहित्य मण्डल प्रकाशन भारत _c2011 |
||
| 300 |
_a249पृ0 _ccm. |
||
| 650 | _aधर्म | ||
| 700 | _a सुशील कुमार | ||
| 942 |
_hQ41:22522, 152Q1 _cTEXL _2cc |
||
| 999 |
_c1016840 _d1016840 |
||